Explaining and arguing : (Record no. 33457)
[ view plain ]
| 000 -LEADER | |
|---|---|
| fixed length control field | 01139nam a2200313 a 4500 |
| 001 - CONTROL NUMBER | |
| control field | 33457 |
| 003 - CONTROL NUMBER IDENTIFIER | |
| rucl marc code | BD-RjUL |
| 005 - DATE AND TIME OF LATEST TRANSACTION | |
| control field | 20211209052018.0 |
| 008 - FIXED-LENGTH DATA ELEMENTS--GENERAL INFORMATION | |
| fixed length control field | 140508s1994 enk b 001 0 eng d |
| 020 ## - INTERNATIONAL STANDARD BOOK NUMBER | |
| International Standard Book Number | 080398605X |
| International Standard Book Number | 0803986068 (pbk.) |
| 035 ## - SYSTEM CONTROL NUMBER | |
| System control number | (BD-RjUL)33548 |
| 040 ## - CATALOGING SOURCE | |
| Original cataloging agency | DLC |
| Transcribing agency | DLC |
| Modifying agency | DLC |
| -- | BD-RjUL |
| Language of cataloging | eng |
| 041 ## - LANGUAGE CODE | |
| Language code of text/sound track or separate title | eng |
| 082 00 - DEWEY DECIMAL CLASSIFICATION NUMBER | |
| Classification number | 302.2 |
| Edition number | 20 |
| Author mark and year | ANE 1994 |
| 100 1# - MAIN ENTRY--PERSONAL NAME | |
| Personal name | Antaki, Charles. |
| 9 (RLIN) | 101542 |
| 245 10 - TITLE STATEMENT | |
| Title | Explaining and arguing : |
| Remainder of title | the social organization of accounts / |
| Statement of responsibility, etc. | Charles Antaki. |
| 260 ## - PUBLICATION, DISTRIBUTION, ETC. (IMPRINT) | |
| Place of publication, distribution, etc. | London ; |
| -- | Thousand Oaks, Calif. : |
| Name of publisher, distributor, etc. | Sage Publications, |
| Date of publication, distribution, etc. | 1994. |
| 300 ## - PHYSICAL DESCRIPTION | |
| Pagination | 210 p. ; |
| Size | 24 cm. |
| 504 ## - BIBLIOGRAPHY, ETC. NOTE | |
| Bibliography, etc | Includes bibliographical references (p. [195]-203) and index. |
| 650 #0 - SUBJECT ADDED ENTRY--TOPICAL TERM | |
| Topical term or geographic name as entry element | Communication |
| General subdivision | Psychological aspects. |
| 9 (RLIN) | 45971 |
| Topical term or geographic name as entry element | Explanation. |
| 9 (RLIN) | 101543 |
| Topical term or geographic name as entry element | Attribution (Social psychology) |
| 9 (RLIN) | 101544 |
| 856 42 - ELECTRONIC LOCATION AND ACCESS | |
| Materials specified | Publisher description |
| Uniform Resource Identifier | <a href="http://www.loc.gov/catdir/enhancements/fy0656/94066632-d.html">http://www.loc.gov/catdir/enhancements/fy0656/94066632-d.html</a> |
| Materials specified | Table of contents only |
| Uniform Resource Identifier | <a href="http://www.loc.gov/catdir/enhancements/fy0656/94066632-t.html">http://www.loc.gov/catdir/enhancements/fy0656/94066632-t.html</a> |
| 942 ## - ADDED ENTRY ELEMENTS (KOHA) | |
| Source of classification or shelving scheme | Dewey Decimal Classification |
| Koha item type | Books |
| Lost status | Source of classification or shelving scheme | Damaged status | Not for loan | Collection code | Permanent Location | Current Location | Shelving location | Date acquired | Source of acquisition | Cost, normal purchase price | Total Checkouts | Full call number | Date last seen | Copy number | Koha item type |
|---|---|---|---|---|---|---|---|---|---|---|---|---|---|---|---|
| Dewey Decimal Classification | Not For Loan | Non-fiction | Central Library, University of Rajshahi | Central Library, University of Rajshahi | Reading Room | 07/03/1996 | Uttara Bangal Library Rajshahi | 101.00 | 302.2 ANE 1994 | 08/05/2014 | C-1 | Books |